Tiếp thị số từ A đến Z : những chiến lược tiếp thị làm mưa làm gió trong kỷ nguyên số

Nội dung quyển sách đưa đến cho bạn những thông tin cập nhật rất mới về định nghĩa, cách thức triển khai, mô hình quản lý của từng công cụ, giúp bạn không chỉ có khả năng lựa chọn những công cụ tiếp thị số phù hợp mà còn hiểu và định...

Descripción completa

Guardado en:
Detalles Bibliográficos
Autor principal: Ryan, Damian
Otros Autores: Thảo Nguyên (dịch)
Formato: Libro
Lenguaje:Vietnamese
Publicado: TP Hồ Chí Minh Lao động 2015
Materias:
Etiquetas: Agregar Etiqueta
Sin Etiquetas, Sea el primero en etiquetar este registro!
Thư viện lưu trữ: Thư viện Trường Đại học Nam Cần Thơ
LEADER 02739nam a22003017a 4500
001 NCT_42955
008 180616b xxu||||| |||| 00| 0 vie d
999 |c 2060  |d 2060 
020 |a 9786045931738  |c 169000 
082 0 4 |2 23rd ed.  |a 302.23  |b R989 
100 1 |a Ryan, Damian 
245 1 0 |a Tiếp thị số từ A đến Z   |b  : những chiến lược tiếp thị làm mưa làm gió trong kỷ nguyên số  |c Damian Ryan; Thảo Nguyên (dịch) 
260 |a TP Hồ Chí Minh  |b Lao động  |c 2015 
300 |a 551tr.  |c 24cm 
500 |a Tến sách tiếng Anh : Understanding Digital Marketing 
520 3 |a Nội dung quyển sách đưa đến cho bạn những thông tin cập nhật rất mới về định nghĩa, cách thức triển khai, mô hình quản lý của từng công cụ, giúp bạn không chỉ có khả năng lựa chọn những công cụ tiếp thị số phù hợp mà còn hiểu và định hình được chiến lược số cho doanh nghiệp của mình. Đây là cuốn sách xứng đáng nằm trên kệ của mỗi người làm tiếp thị tại Việt Nam, như một cuốn từ điển chuyên ngành nhỏ mà bạn có thể tra cứu. 
653 |a Quan hệ công chúng 
700 |a Thảo Nguyên   |e dịch 
942 |2 ddc  |c BK 
952 |0 0  |1 0  |2 ddc  |4 0  |6 302_230000000000000_R989  |7 0  |9 11107  |a 000001  |b 000001  |d 2018-06-16  |o 302.23 R989  |p MD.09300  |r 2018-06-16  |v 169000.00  |w 2018-06-16  |y BK 
952 |0 0  |1 0  |2 ddc  |4 0  |6 302_230000000000000_R989  |7 0  |9 11108  |a 000001  |b 000001  |d 2018-06-16  |o 302.23 R989  |p MD.09301  |r 2018-06-16  |v 169000.00  |w 2018-06-16  |y BK 
952 |0 0  |1 0  |2 ddc  |4 0  |6 302_230000000000000_R989  |7 0  |9 11109  |a 000001  |b 000001  |d 2018-06-16  |o 302.23 R989  |p MD.07280  |r 2018-06-16  |v 169000.00  |w 2018-06-16  |y BK 
952 |0 0  |1 0  |2 ddc  |4 0  |6 302_230000000000000_R989  |7 0  |9 11110  |a 000001  |b 000001  |d 2018-06-16  |l 1  |o 302.23 R989  |p MD.09303  |r 2020-04-25  |s 2020-04-25  |v 169000.00  |w 2018-06-16  |y BK 
952 |0 0  |1 0  |2 ddc  |4 0  |6 302_230000000000000_R989  |7 0  |9 11111  |a 000001  |b 000001  |d 2018-06-16  |o 302.23 R989  |p MD.09304  |r 2018-06-16  |v 169000.00  |w 2018-06-16  |y BK 
952 |0 0  |1 0  |2 ddc  |4 0  |6 302_230000000000000_R989  |7 0  |9 11112  |a 000001  |b 000001  |d 2018-06-16  |o 302.23 R989  |p MD.08001  |r 2018-06-16  |v 169000.00  |w 2018-06-16  |y BK 
952 |0 0  |1 0  |2 ddc  |4 0  |6 302_230000000000000_R989  |7 0  |9 11113  |a 000001  |b 000001  |d 2018-06-16  |o 302.23 R989  |p MD.08002  |r 2018-06-16  |v 169000.00  |w 2018-06-16  |y BK 
952 |0 0  |1 0  |2 ddc  |4 0  |6 302_230000000000000_R989  |7 0  |9 11114  |a 000001  |b 000001  |d 2018-06-16  |o 302.23 R989  |p MD.08003  |r 2018-06-16  |v 169000.00  |w 2018-06-16  |y BK 
980 |a Thư viện Trường Đại học Nam Cần Thơ